[Event "VI Open Vallee d'Aoste A"]
[Site "Saint Vincent - Chatillon ITA"]
[Date "1998.02.09"]
[Round "3"]
[White "Faccia, Sergio"]
[Black "Botsari, Anna-Maria"]
[Result "0-1"]
[WhiteElo "2065"]
[BlackElo "2325"]
[PlyCount "80"]
[EventDate "1998.02.07"]

1. e4 c5 2. b4 d5 3. exd5 Qxd5 4. Nc3 Qe5+ 5. Be2 cxb4 6. d4 Qa5 7. Ne4 e6 8.
Bd2 Nc6 9. Nf3 Be7 10. Bd3 Nf6 11. O-O Qd8 12. Qe2 a6 13. Rad1 Nd5 14. a3 bxa3
15. c4 Ndb4 16. Bxb4 Nxb4 17. Bb1 O-O 18. Rd2 h6 19. Rfd1 Bd7 20. Ne5 Ba4 21.
Re1 a2 22. Bxa2 Nxa2 23. Rxa2 Qxd4 24. Nxf7 Rxf7 25. Rxa4 Rd8 26. Raa1 Qd3 27.
Qg4 Rd4 28. c5 Qc4 29. Qg6 Qd5 30. Ng3 Bxc5 31. h3 Rxf2 32. Ne4 Rxe4 33. Kh1
Rxe1+ 34. Rxe1 Qf5 35. Qe8+ Kh7 36. Qb8 Rf1+ 37. Rxf1 Qxf1+ 38. Kh2 Bg1+ 39.
Kg3 Bf2+ 40. Kg4 Qe2+ 0-1

[Event "VI Open Vallee d'Aoste A"]
[Site "Saint Vincent - Chatillon ITA"]
[Date "1998.02.09"]
[Round "3"]
[White "Farago, Ivan"]
[Black "Naumkin, Igor"]
[Result "1-0"]
[WhiteElo "2475"]
[BlackElo "2435"]
[PlyCount "77"]
[EventDate "1998.02.07"]

1. d4 e6 2. Nf3 Nf6 3. c4 b6 4. Nc3 Bb7 5. a3 d5 6. cxd5 exd5 7. Qa4+ c6 8. Bg5
Be7 9. e3 O-O 10. Bd3 Nbd7 11. O-O c5 12. Ne5 h6 13. Bf4 a6 14. Nc6 Qe8 15. Bf5
b5 16. Nxe7+ Qxe7 17. Qa5 Bc6 18. dxc5 Qxc5 19. Ne2 Qb6 20. Qb4 Ne4 21. Rac1
Ndf6 22. f3 g5 23. fxe4 gxf4 24. Qd4 Qxd4 25. Nxd4 Bd7 26. Bxd7 Nxd7 27. Rxf4
dxe4 28. Nf5 h5 29. Rc7 Rad8 30. Rxe4 Nf6 31. Rd4 Ng4 32. h3 Ne5 33. b3 Kh7 34.
Re7 Rde8 35. Rd6 Ng6 36. Rxe8 Rxe8 37. Rxa6 Re5 38. Rf6 Kg8 39. b4 1-0

[Event "VI Open Vallee d'Aoste A"]
[Site "Saint Vincent - Chatillon ITA"]
[Date "1998.02.09"]
[Round "3"]
[White "Genocchio, Daniele"]
[Black "Sedina, Elena"]
[Result "0-1"]
[WhiteElo "2155"]
[BlackElo "2380"]
[PlyCount "80"]
[EventDate "1998.02.07"]

1. e4 Nf6 2. e5 Nd5 3. c4 Nb6 4. d4 d6 5. exd6 exd6 6. Nc3 Be7 7. Be3 O-O 8. b3
Nc6 9. Nf3 Re8 10. Be2 Bf6 11. O-O Bf5 12. Rc1 d5 13. c5 Nc8 14. b4 a6 15. Qb3
N8e7 16. Rfd1 h6 17. Ne1 Qd7 18. a4 Be6 19. Nc2 Nf5 20. b5 Nce7 21. Rb1 Nxe3
22. Nxe3 Nf5 23. Nc2 Nh4 24. g3 Bg4 25. Ne3 Bxe2 26. Nxe2 Nf5 27. Rd3 Nxe3 28.
Rxe3 Bg5 29. Rxe8+ Rxe8 30. Qd3 axb5 31. axb5 Qg4 32. Nc3 c6 33. Ra1 Bf6 34. f4
Qh3 35. b6 h5 36. Nd1 Re1+ 37. Kf2 Re4 38. Ra8+ Kh7 39. Nc3 Bxd4+ 40. Kf3 Bxc3
0-1

[Event "VI Open Vallee d'Aoste A"]
[Site "Saint Vincent - Chatillon ITA"]
[Date "1998.02.09"]
[Round "3"]
[White "Godena, Michele"]
[Black "Guerrieri, Lorenzo"]
[Result "1/2-1/2"]
[WhiteElo "2500"]
[BlackElo "2185"]
[PlyCount "88"]
[EventDate "1998.02.07"]

1. e4 e5 2. Nf3 Nc6 3. Bb5 a6 4. Bxc6 dxc6 5. O-O Bg4 6. h3 h5 7. d3 Qf6 8. Be3
Bxf3 9. Qxf3 Qxf3 10. gxf3 Bd6 11. Nd2 f5 12. Nc4 Kf7 13. d4 exd4 14. Bxd4 Bf4
15. Na5 Re8 16. Nxb7 fxe4 17. fxe4 Rxe4 18. Rad1 Ne7 19. Rfe1 Rxe1+ 20. Rxe1
Bd6 21. b3 Ng6 22. Re4 Rb8 23. Na5 Ne7 24. Kf1 Rb5 25. Bc3 Rf5 26. Ra4 Rf3 27.
Be1 Rxh3 28. Nc4 Rh1+ 29. Ke2 h4 30. Rxa6 h3 31. Ra8 Ng6 32. Nxd6+ cxd6 33.
Ra7+ Kg8 34. Bc3 h2 35. Rxg7+ Kf8 36. Rh7 Kg8 37. Rg7+ Kf8 38. Rh7 Kg8 39. Rh6
Kf7 40. Kf3 Rc1 41. Rxh2 Rxc2 42. Bb4 c5 43. Be1 Rxa2 44. Rh7+ Ke6 1/2-1/2

[Event "VI Open Vallee d'Aoste A"]
[Site "Saint Vincent - Chatillon ITA"]
[Date "1998.02.09"]
[Round "3"]
[White "Guido, Flavio"]
[Black "Van den Doel, Erik"]
[Result "1-0"]
[WhiteElo "2370"]
[BlackElo "2485"]
[PlyCount "133"]
[EventDate "1998.02.07"]

1. e4 c5 2. c3 Nf6 3. e5 Nd5 4. d4 cxd4 5. Nf3 Nc6 6. Bc4 Nb6 7. Bb3 g6 8. cxd4
Bg7 9. Bf4 d6 10. exd6 exd6 11. O-O O-O 12. h3 Na5 13. Nc3 Bf5 14. Re1 Rc8 15.
Nb5 Nbc4 16. Nxa7 Ra8 17. Qe2 Nxb2 18. Qxb2 Rxa7 19. Bd5 Qd7 20. Rac1 Ra6 21.
Qd2 Qb5 22. Be4 Bxe4 23. Rxe4 Qd5 24. Rce1 Nc6 25. R1e2 Nd8 26. Bh6 Ne6 27. Rh4
Qa5 28. Qe3 Qa3 29. Qd2 Qa5 30. Qe3 Qa3 31. Qd2 Rc8 32. Kh2 Qa5 33. Bxg7 Qxd2
34. Rxd2 Kxg7 35. d5 Nc5 36. Rb4 Rca8 37. Rbb2 Ra4 38. Re2 Kf6 39. g3 R8a7 40.
Kg2 R7a6 41. Nh2 Rd4 42. Ng4+ Kg7 43. Ne3 f5 44. Nc2 Rda4 45. Na1 Re4 46. Red2
Rc4 47. Nb3 Ne4 48. Re2 Rb6 49. f3 Nf6 50. Re7+ Kh6 51. Rd2 Rb5 52. Re6 Nxd5
53. Rxd6 Ne3+ 54. Kf2 Nc2 55. Rd7 Nb4 56. Nd4 Ra5 57. Rxb7 Rxa2 58. Rxa2 Nxa2
59. Ne6 Rc2+ 60. Ke3 Rc8 61. g4 fxg4 62. hxg4 g5 63. f4 gxf4+ 64. Kxf4 Rc1 65.
g5+ Kh5 66. Rxh7+ Kg6 67. Nf8# 1-0

[Event "VI Open Vallee d'Aoste A"]
[Site "Saint Vincent - Chatillon ITA"]
[Date "1998.02.09"]
[Round "3"]
[White "Lanzani, Mario"]
[Black "Castaldo, Folco"]
[Result "1-0"]
[WhiteElo "2375"]
[BlackElo "2155"]
[PlyCount "63"]
[EventDate "1998.02.07"]

1. e4 g6 2. d4 Bg7 3. Nf3 c6 4. h3 d5 5. Nbd2 Nh6 6. c3 O-O 7. Bd3 f6 8. c4
dxe4 9. Nxe4 Nf7 10. Nc3 Nd7 11. d5 cxd5 12. cxd5 Nb6 13. Bc2 e6 14. Bb3 exd5
15. O-O Bd7 16. Nxd5 Nxd5 17. Bxd5 Bb5 18. Re1 Qd7 19. Be3 Rfd8 20. Bb3 Bc6 21.
Qxd7 Rxd7 22. Nd4 f5 23. Nxc6 bxc6 24. Rad1 Rad8 25. Rxd7 Rxd7 26. Bc5 Bxb2 27.
Re8+ Kg7 28. Bf8+ Kf6 29. f4 Nd8 30. Bh6 Bd4+ 31. Kf1 Bb6 32. Bg5+ 1-0

[Event "VI Open Vallee d'Aoste A"]
[Site "Saint Vincent - Chatillon ITA"]
[Date "1998.02.09"]
[Round "3"]
[White "Luciani, Valerio"]
[Black "Lemma, Vittorio"]
[Result "1-0"]
[WhiteElo "2220"]
[BlackElo "1759"]
[PlyCount "63"]
[EventDate "1998.02.07"]

1. e4 e6 2. d3 d5 3. Nd2 c5 4. Ngf3 Nc6 5. g3 Bd6 6. Bg2 Nge7 7. O-O O-O 8. Re1
Qc7 9. c3 b5 10. Qe2 f6 11. Nb3 a5 12. d4 dxe4 13. Qxe4 f5 14. Qh4 Ng6 15. Qh5
Nh8 16. dxc5 Be7 17. Nfd4 Nxd4 18. Nxd4 Ra6 19. c6 e5 20. Bd5+ Nf7 21. Nxf5
Bxf5 22. Qxf5 Bf6 23. Bg5 Bxg5 24. Qxg5 Kh8 25. Qf5 Raa8 26. Qd7 Qb6 27. Bxf7
Ra7 28. Rxe5 Rxd7 29. cxd7 Qf6 30. Re8 Qxf7 31. Rxf8+ Qxf8 32. Re1 1-0

[Event "VI Open Vallee d'Aoste A"]
[Site "Saint Vincent - Chatillon ITA"]
[Date "1998.02.09"]
[Round "3"]
[White "Manca, Federico"]
[Black "Franco Ocampos, Zenon"]
[Result "1/2-1/2"]
[WhiteElo "2375"]
[BlackElo "2465"]
[PlyCount "76"]
[EventDate "1998.02.07"]

1. e4 c5 2. c3 d6 3. d4 Nf6 4. Bd3 e5 5. dxe5 dxe5 6. Nf3 Nc6 7. O-O Be7 8. h3
O-O 9. Qe2 Qc7 10. Rd1 h6 11. Nbd2 Be6 12. Nf1 Rfd8 13. Ne3 a6 14. b3 b5 15.
Bb2 Rd7 16. Rd2 Rad8 17. Rad1 Nh5 18. Nd5 Qb8 19. a4 Nf4 20. Nxf4 exf4 21. axb5
axb5 22. Bxb5 Rxd2 23. Rxd2 Na5 24. Rxd8+ Qxd8 25. b4 cxb4 26. cxb4 Bxb4 27.
Bxg7 Kxg7 28. Qb2+ Kg8 29. Qxb4 Qb6 30. Nd4 Bc4 31. Qb2 Bxb5 32. Nxb5 Nc4 33.
Qb4 Ne5 34. Qb3 Qa5 35. Kh2 Qe1 36. Nd4 Qxf2 37. Qb8+ Kh7 38. Qxe5 Qg3+ 1/2-1/2

[Event "VI Open Vallee d'Aoste A"]
[Site "Saint Vincent - Chatillon ITA"]
[Date "1998.02.09"]
[Round "3"]
[White "Rossi, Giampiero"]
[Black "Martorelli, Antonio"]
[Result "0-1"]
[WhiteElo "2170"]
[BlackElo "2405"]
[PlyCount "82"]
[EventDate "1998.02.07"]

1. d4 Nf6 2. c4 g6 3. g3 Bg7 4. Bg2 O-O 5. Nc3 d6 6. Nf3 Nbd7 7. O-O e5 8. Qc2
Re8 9. Rd1 e4 10. Ne1 Nb6 11. b3 Bf5 12. e3 Nbd7 13. Bb2 h5 14. Rd2 Nf8 15. d5
N8h7 16. Ne2 Ng5 17. Nd4 Bh3 18. Rc1 Bxg2 19. Kxg2 Qd7 20. h4 Qh3+ 21. Kg1 Ngh7
22. Ne2 Ng4 23. Nf4 Qh2+ 24. Kf1 Bh6 25. Neg2 g5 26. hxg5 Nxg5 27. Qc3 Re5 28.
Ke2 Nf3 29. Rdd1 Bxf4 30. gxf4 Qxg2 31. Rf1 Nfh2 32. fxe5 Nxf1 33. Rxf1 dxe5
34. Qe1 Kh7 35. Rg1 Qf3+ 36. Kd2 f6 37. Rh1 Kg6 38. Rg1 Kf5 39. Qe2 Rh8 40. Bc3
h4 41. Qe1 h3 0-1

[Event "VI Open Vallee d'Aoste A"]
[Site "Saint Vincent - Chatillon ITA"]
[Date "1998.02.09"]
[Round "3"]
[White "Tatai, Stefano"]
[Black "Lacrosse, Marc"]
[Result "1-0"]
[WhiteElo "2385"]
[BlackElo "2280"]
[PlyCount "58"]
[EventDate "1998.02.07"]

1. e4 e5 2. Nf3 Nc6 3. Bb5 a6 4. Bxc6 dxc6 5. O-O f6 6. d4 exd4 7. Nxd4 c5 8.
Ne2 Qxd1 9. Rxd1 Bd7 10. Nbc3 O-O-O 11. Be3 b6 12. a4 Re8 13. Rd2 Bc6 14. a5 b5
15. Rad1 Bd6 16. Bf4 Bxf4 17. Nxf4 b4 18. Nce2 Bxe4 19. f3 Bc6 20. Nd3 Bb5 21.
Nef4 Ne7 22. Nxc5 Nc6 23. Rd7 Re7 24. Rxe7 Nxe7 25. Nfe6 g6 26. Rd4 Re8 27.
Rxb4 Nc6 28. Rh4 Nd8 29. Nd4 Nb7 1-0

[Event "VI Open Vallee d'Aoste A"]
[Site "Saint Vincent - Chatillon ITA"]
[Date "1998.02.09"]
[Round "3"]
[White "Ubezio, Marco"]
[Black "Djuric, Stefan"]
[Result "0-1"]
[WhiteElo "2190"]
[BlackElo "2520"]
[PlyCount "72"]
[EventDate "1998.02.07"]

1. d4 e6 2. Nf3 c5 3. e3 Nf6 4. Bd3 b6 5. O-O Bb7 6. Nbd2 Be7 7. Qe2 O-O 8. c3
d5 9. Ne5 Ne4 10. f3 Nd6 11. f4 Nd7 12. Rf3 Ne4 13. Rh3 g6 14. Qf3 Nxe5 15.
dxe5 f5 16. exf6 Nxf6 17. Qg3 Ne4 18. Qg4 e5 19. Qe6+ Kg7 20. Bxe4 dxe4 21.
Qxe5+ Bf6 22. Qe6 Bc8 23. Qxe4 Bxh3 24. gxh3 Re8 25. Qf3 Qd3 26. Nf1 Rad8 27.
Kg2 Qc2+ 28. Qf2 Qd1 29. Qf3 Bh4 30. Ng3 Bxg3 31. hxg3 Qxf3+ 32. Kxf3 Rd1 33.
c4 Kf7 34. Ke2 Rh1 35. b3 Rd8 36. h4 Rdd1 0-1

[Event "VI Open Vallee d'Aoste A"]
[Site "Saint Vincent - Chatillon ITA"]
[Date "1998.02.09"]
[Round "3"]
[White "Vallejo Pons, Francisco"]
[Black "Luther, Thomas"]
[Result "1/2-1/2"]
[WhiteElo "2415"]
[BlackElo "2510"]
[PlyCount "82"]
[EventDate "1998.02.07"]

1. e4 c5 2. Nf3 e6 3. d4 cxd4 4. Nxd4 Nc6 5. Nb5 d6 6. c4 Nf6 7. N1c3 a6 8. Na3
Be7 9. Be2 O-O 10. O-O Ne5 11. f4 Ned7 12. Bf3 Rb8 13. Qe2 Qc7 14. g4 b5 15. g5
b4 16. Nab5 axb5 17. Nxb5 Qa5 18. gxf6 Nxf6 19. Bd2 d5 20. exd5 Bc5+ 21. Kh1
exd5 22. a3 dxc4 23. axb4 Qxb5 24. Ra5 Qd7 25. Rxc5 Re8 26. Qg2 Ne4 27. Bxe4
Rxe4 28. Bc3 Rd4 29. Rxc8+ Rxc8 30. b5 f5 31. Bxd4 Qxd4 32. Re1 Rb8 33. Qc6 h6
34. Re8+ Rxe8 35. Qxe8+ Kh7 36. Qe5 Qd1+ 37. Kg2 Qd2+ 38. Kg1 Qd1+ 39. Kg2 Qd2+
40. Kg3 Qd3+ 41. Kf2 Qd2+ 1/2-1/2

[Event "VI Open Vallee d'Aoste A"]
[Site "Saint Vincent - Chatillon ITA"]
[Date "1998.02.09"]
[Round "3"]
[White "Zelcic, Robert"]
[Black "Arlandi, Ennio"]
[Result "1-0"]
[WhiteElo "2540"]
[BlackElo "2425"]
[PlyCount "85"]
[EventDate "1998.02.07"]

1. e4 c6 2. d4 d5 3. Nc3 dxe4 4. Nxe4 Nd7 5. Ng5 Ngf6 6. Bd3 e6 7. N1f3 Bd6 8.
Qe2 h6 9. Ne4 Nxe4 10. Qxe4 Nf6 11. Qe2 Qc7 12. Bd2 b6 13. O-O-O Bb7 14. Kb1
O-O-O 15. Rhe1 c5 16. dxc5 Bxc5 17. Ba6 Bxa6 18. Qxa6+ Kb8 19. Qe2 Nd5 20. Ne5
Bd6 21. Nd3 Rc8 22. Rc1 Rhd8 23. g3 Qc4 24. Qf3 Rc7 25. Re4 Qc6 26. Qe2 Nf6 27.
Rd4 Rcd7 28. a4 Ka8 29. b3 Qb7 30. Bc3 Bb8 31. Rxd7 Rxd7 32. Bxf6 gxf6 33. a5
Rd5 34. axb6 axb6 35. f4 Bd6 36. Rd1 Ra5 37. Nb2 Be7 38. Nc4 Rc5 39. f5 Rxf5
40. Rd7 Qh1+ 41. Kb2 Bb4 42. Nxb6+ Kb8 43. Qa6 1-0

[Event "VI Open Vallee d'Aoste A"]
[Site "Saint Vincent - Chatillon ITA"]
[Date "1998.02.09"]
[Round "3"]
[White "Zueger, Beat"]
[Black "De Kleuver, Esther"]
[Result "1-0"]
[WhiteElo "2445"]
[BlackElo "2180"]
[PlyCount "71"]
[EventDate "1998.02.07"]

1. c4 e6 2. Nf3 d5 3. d4 c6 4. Qc2 Nf6 5. g3 Bd6 6. Bg2 Nbd7 7. O-O O-O 8. Rd1
Re8 9. Bf4 e5 10. dxe5 Nxe5 11. Bxe5 Bxe5 12. cxd5 cxd5 13. Nxe5 Rxe5 14. Nc3
Be6 15. Rd4 Qb6 16. Rad1 Rc8 17. Qb3 Qxb3 18. axb3 h6 19. b4 Bg4 20. f3 Bh5 21.
Kf2 Rce8 22. Bf1 Rd8 23. h3 Bg6 24. e4 Rc8 25. exd5 Bc2 26. R1d2 Bb3 27. b5 Rc5
28. d6 Nd7 29. Rb4 Be6 30. f4 Rf5 31. Bg2 b6 32. g4 Rf6 33. f5 Ne5 34. Ne4 Bc4
35. Nxf6+ gxf6 36. d7 1-0

[Event "VI Open Vallee d'Aoste A"]
[Site "Saint Vincent - Chatillon ITA"]
[Date "1998.02.10"]
[Round "4"]
[White "Arlandi, Ennio"]
[Black "Belotti, Bruno"]
[Result "1/2-1/2"]
[WhiteElo "2425"]
[BlackElo "2420"]
[PlyCount "89"]
[EventDate "1998.02.07"]

1. d4 Nf6 2. c4 e6 3. Nc3 Bb4 4. Qc2 O-O 5. a3 Bxc3+ 6. Qxc3 b6 7. Bg5 d6 8. e3
Nbd7 9. Nf3 Bb7 10. Nd2 c5 11. dxc5 bxc5 12. f3 a5 13. Bd3 a4 14. O-O Qb6 15.
Bh4 Rfb8 16. Rfd1 Bc6 17. Rab1 Ra6 18. Bc2 Qc7 19. Nf1 Ne8 20. Qd3 f5 21. Be1
Ne5 22. Qe2 Qe7 23. Bc3 Ng6 24. Qf2 Nh4 25. Qg3 Rab6 26. Rd2 Ng6 27. Re2 Qh4
28. Nd2 Qxg3 29. hxg3 Bd7 30. f4 Nf6 31. e4 Ng4 32. exf5 exf5 33. Nf1 Kf7 34.
Ne3 Re8 35. Rbe1 Rxe3 36. Rxe3 Nxe3 37. Rxe3 Nf8 38. Kf2 g6 39. Bd1 Ne6 40. Bf3
Bc6 41. Rd3 Ke7 42. Ke3 h5 43. Rd2 Nf8 44. Kd3 Ne6 45. Ke3 1/2-1/2

[Event "VI Open Vallee d'Aoste A"]
[Site "Saint Vincent - Chatillon ITA"]
[Date "1998.02.10"]
[Round "4"]
[White "Botsari, Anna-Maria"]
[Black "Everet, Alexandro"]
[Result "1/2-1/2"]
[WhiteElo "2325"]
[BlackElo "2290"]
[PlyCount "107"]
[EventDate "1998.02.07"]

1. d4 g6 2. c4 Bg7 3. Nc3 d6 4. e4 c6 5. Be3 Nf6 6. f3 O-O 7. Qd2 Re8 8. Rd1
Qc7 9. Nge2 b6 10. Nc1 Ba6 11. Be2 Nbd7 12. O-O Nf8 13. f4 Rad8 14. Qe1 Qc8 15.
Qh4 d5 16. e5 Ne4 17. Nxe4 dxe4 18. b3 f5 19. g4 e6 20. gxf5 exf5 21. Qg3 b5
22. Bf2 bxc4 23. bxc4 Ne6 24. d5 cxd5 25. cxd5 Bxe2 26. Nxe2 Qc4 27. Qb3 Qxe2
28. dxe6 Rb8 29. Qa3 Qg4+ 30. Qg3 Qxg3+ 31. hxg3 Rxe6 32. Bxa7 Ra8 33. Bc5 g5
34. Rd2 gxf4 35. gxf4 Rg6+ 36. Kf2 Rg4 37. Be3 Ra3 38. Rh1 Bf8 39. Rh5 Be7 40.
e6 Rg6 41. Rxf5 Rxe6 42. Rh5 Rea6 43. Re5 Bh4+ 44. Ke2 R6a4 45. Bd4 Rxa2 46.
Rxe4 Rxd2+ 47. Kxd2 Bf6 48. Kd3 Bxd4 49. Rxd4 Rxd4+ 50. Kxd4 Kf7 51. Ke3 Kf6
52. Kf3 Kf5 53. Kg3 h5 54. Kh4 1/2-1/2

[Event "VI Open Vallee d'Aoste A"]
[Site "Saint Vincent - Chatillon ITA"]
[Date "1998.02.10"]
[Round "4"]
[White "De Kleuver, Esther"]
[Black "Faccia, Sergio"]
[Result "1-0"]
[WhiteElo "2180"]
[BlackElo "2065"]
[PlyCount "73"]
[EventDate "1998.02.07"]

1. e4 e5 2. Nc3 Nc6 3. Nf3 Bc5 4. g3 d6 5. Bg2 Bg4 6. h3 Be6 7. O-O f6 8. Na4
Qd7 9. Kh2 g5 10. c3 g4 11. Ng1 gxh3 12. Qh5+ Bf7 13. Qxh3 Be6 14. Qh5+ Bf7 15.
Qd1 h5 16. Nf3 Nh6 17. d4 Ng4+ 18. Kg1 Bb6 19. Nxb6 axb6 20. Nh4 Ne7 21. a3 Nh6
22. Qf3 Neg8 23. dxe5 fxe5 24. Bg5 Qe6 25. Nf5 Qg6 26. Bh4 Be6 27. Bh3 Ng4 28.
Qd3 N8f6 29. Qb5+ Bd7 30. Qc4 O-O-O 31. Nxd6+ Kb8 32. Nf5 Bc6 33. Rad1 Nh6 34.
Ne7 Qxe4 35. Qxe4 Nxe4 36. Nxc6+ bxc6 37. Rxd8+ 1-0

[Event "VI Open Vallee d'Aoste A"]
[Site "Saint Vincent - Chatillon ITA"]
[Date "1998.02.10"]
[Round "4"]
[White "Djuric, Stefan"]
[Black "Lanzani, Mario"]
[Result "1-0"]
[WhiteElo "2520"]
[BlackElo "2375"]
[PlyCount "87"]
[EventDate "1998.02.07"]

1. d4 Nf6 2. Nf3 g6 3. c4 Bg7 4. Nc3 O-O 5. e4 d6 6. Be3 e5 7. Be2 Na6 8. O-O
Ng4 9. Bg5 f6 10. Bc1 Qe8 11. h3 Nh6 12. Re1 c6 13. Rb1 Nf7 14. Bf1 Bd7 15. b3
Kh8 16. Bb2 Rd8 17. Ba1 Ng5 18. Nxg5 fxg5 19. d5 Qf7 20. Qd2 h5 21. b4 cxd5 22.
exd5 Bf5 23. Ne4 Bxe4 24. Rxe4 Nc7 25. Bd3 b5 26. Rf1 bxc4 27. Bxc4 Qf5 28. Qe2
Ne8 29. Re3 Qf7 30. Ra3 Rd7 31. Ra6 Qf4 32. Bb5 Rd8 33. Rxa7 Qxb4 34. Bd3 Qc5
35. Ra4 Qxd5 36. Bxg6 Nf6 37. Bxh5 Ra8 38. Bf3 e4 39. Bxe4 Nxe4 40. Rxe4 Rxa2
41. Qh5+ Kg8 42. Bxg7 Kxg7 43. Re7+ Kf6 44. Rfe1 1-0

[Event "VI Open Vallee d'Aoste A"]
[Site "Saint Vincent - Chatillon ITA"]
[Date "1998.02.10"]
[Round "4"]
[White "Franco Ocampos, Zenon"]
[Black "Miladinovic, Igor"]
[Result "1/2-1/2"]
[WhiteElo "2465"]
[BlackElo "2565"]
[PlyCount "92"]
[EventDate "1998.02.07"]

1. c4 Nc6 2. d4 d5 3. e3 e5 4. dxe5 d4 5. a3 a5 6. Nf3 Bc5 7. exd4 Nxd4 8. Nc3
Bg4 9. Be2 Nxf3+ 10. Bxf3 Qxd1+ 11. Bxd1 Bxd1 12. Nxd1 Bd4 13. f4 f6 14. Be3
O-O-O 15. e6 f5 16. O-O Nf6 17. Bxd4 Rxd4 18. Ne3 g6 19. Rad1 Rxd1 20. Rxd1 Re8
21. Nd5 Rxe6 22. Nxf6 Rxf6 23. Rd5 b6 24. Kf2 Re6 25. Kf3 c6 26. Rd4 c5 27. Rd5
a4 28. h3 Re4 29. g4 Rxc4 30. gxf5 gxf5 31. Rxf5 Rc2 32. Rf7 Rxb2 33. f5 Kd8
34. f6 Ke8 35. Rxh7 b5 36. Ke4 b4 37. Kd5 bxa3 38. Re7+ Kf8 39. Re3 Rb3 40. Re2
Rb2 41. Re3 Rb3 42. Re4 Rb4 43. Re3 a2 44. Ra3 c4 45. Rxa2 c3 46. Rc2 Rb3
1/2-1/2

[Event "VI Open Vallee d'Aoste A"]
[Site "Saint Vincent - Chatillon ITA"]
[Date "1998.02.10"]
[Round "4"]
[White "Guerrieri, Lorenzo"]
[Black "Caposciutti, Maurizio"]
[Result "1/2-1/2"]
[WhiteElo "2185"]
[BlackElo "2310"]
[PlyCount "85"]
[EventDate "1998.02.07"]

1. e4 c5 2. c3 e5 3. Bc4 Nc6 4. d3 Nf6 5. f4 Bd6 6. f5 h6 7. Nf3 Bc7 8. Qe2 d5
9. Bb5 O-O 10. g4 c4 11. g5 cxd3 12. Bxd3 dxe4 13. Bxe4 Nxe4 14. Qxe4 Qd7 15.
Nh4 hxg5 16. Bxg5 f6 17. Be3 Ne7 18. O-O Qd5 19. Nd2 Bb6 20. Bxb6 axb6 21.
Qxd5+ Nxd5 22. Nc4 Bd7 23. Rfd1 Bc6 24. Rd2 b5 25. Na3 Nxc3 26. bxc3 Rxa3 27.
Ng6 Re8 28. Rad1 Rxc3 29. Rd8 Rc4 30. Rxe8+ Bxe8 31. Rd8 Kf7 32. Rb8 Rc7 33. a3
e4 34. Kf2 Rc5 35. Rxb7+ Kg8 36. Ne7+ Kf8 37. Ke3 Rc3+ 38. Kxe4 Rxa3 39. Ng6+
Bxg6 40. fxg6 Ra2 41. Rxb5 Rxh2 42. Rb8+ Ke7 43. Rb7+ 1/2-1/2

[Event "VI Open Vallee d'Aoste A"]
[Site "Saint Vincent - Chatillon ITA"]
[Date "1998.02.10"]
[Round "4"]
[White "Guido, Flavio"]
[Black "Zelcic, Robert"]
[Result "0-1"]
[WhiteElo "2370"]
[BlackElo "2540"]
[PlyCount "80"]
[EventDate "1998.02.07"]

1. e4 c6 2. d4 d5 3. exd5 cxd5 4. c4 Nf6 5. Nc3 e6 6. Nf3 Bb4 7. cxd5 Nxd5 8.
Qc2 Nc6 9. a3 Ba5 10. Be3 Bd7 11. Bd3 Rc8 12. O-O Nce7 13. Bd2 Nxc3 14. Bxc3
Nd5 15. Bxa5 Qxa5 16. Qb1 Nf4 17. Ne5 Bc6 18. Nxc6 Rxc6 19. Be4 Rc7 20. Rd1 Qg5
21. a4 h5 22. Ra3 O-O 23. Rb3 Rfc8 24. Rxb7 Ne2+ 25. Kf1 Nxd4 26. Rxc7 Rxc7 27.
Qd3 e5 28. g3 Qg4 29. b4 h4 30. b5 f5 31. Bd5+ Kh7 32. Rb1 Qg5 33. Qd1 g6 34.
Bg2 Qd8 35. a5 e4 36. b6 axb6 37. axb6 Rb7 38. Rb4 Rd7 39. b7 Nc6 40. Qa4 Rd1+
0-1

[Event "VI Open Vallee d'Aoste A"]
[Site "Saint Vincent - Chatillon ITA"]
[Date "1998.02.10"]
[Round "4"]
[White "Luisetto, Alessandro"]
[Black "Genocchio, Daniele"]
[Result "0-1"]
[WhiteElo "1789"]
[BlackElo "2155"]
[PlyCount "74"]
[EventDate "1998.02.07"]

1. g3 g6 2. Bg2 Bg7 3. e4 c5 4. Nf3 Nc6 5. O-O d6 6. c3 e5 7. d3 Nf6 8. Bg5 O-O
9. Na3 h6 10. Bxf6 Bxf6 11. Nc2 Be6 12. d4 exd4 13. cxd4 cxd4 14. Ncxd4 Bc4 15.
Re1 Nxd4 16. Nxd4 Qb6 17. Nb3 a5 18. Nd2 Be6 19. Qe2 Qxb2 20. Rab1 Qxa2 21. Qe3
Rfc8 22. e5 Bxe5 23. Bxb7 Rc3 24. Qxh6 Bg7 25. Qg5 Rc5 26. Qe3 Re5 27. Ne4 Re8
28. f4 Rb5 29. Nf2 Qc4 30. Qf3 Rc5 31. Ne4 a4 32. Rbd1 Rb8 33. Nxd6 Qc3 34. Qe4
a3 35. Nxf7 Bxf7 36. Rd7 a2 37. Rxf7 Qd4+ 0-1

[Event "VI Open Vallee d'Aoste A"]
[Site "Saint Vincent - Chatillon ITA"]
[Date "1998.02.10"]
[Round "4"]
[White "Luther, Thomas"]
[Black "Tatai, Stefano"]
[Result "1-0"]
[WhiteElo "2510"]
[BlackElo "2385"]
[PlyCount "35"]
[EventDate "1998.02.07"]

1. e4 Nf6 2. e5 Nd5 3. d4 d6 4. Nf3 g6 5. Bc4 Nb6 6. Bb3 Nc6 7. Ng5 e6 8. exd6
cxd6 9. O-O d5 10. c3 Bg7 11. Re1 O-O 12. Na3 Na5 13. Bc2 Nac4 14. Nxc4 Nxc4
15. h4 e5 16. b3 Nb6 17. dxe5 Qc7 18. Ba3 1-0

[Event "VI Open Vallee d'Aoste A"]
[Site "Saint Vincent - Chatillon ITA"]
[Date "1998.02.10"]
[Round "4"]
[White "Mantovani, Renzo"]
[Black "Ciuffoletti, Paolo"]
[Result "1-0"]
[WhiteElo "2365"]
[BlackElo "2054"]
[PlyCount "55"]
[EventDate "1998.02.07"]

1. c4 g6 2. Nc3 Bg7 3. d4 d6 4. e4 Nc6 5. Nge2 e5 6. Be3 exd4 7. Nxd4 Nge7 8.
Be2 O-O 9. O-O f5 10. exf5 Bxd4 11. Bxd4 Nxf5 12. Be3 Nxe3 13. fxe3 Rxf1+ 14.
Qxf1 Be6 15. Qf4 Qe7 16. Rf1 Re8 17. Bf3 Rf8 18. Qe4 Ne5 19. Qxb7 Nxf3+ 20.
Rxf3 Rxf3 21. Qxf3 Bxc4 22. h3 Kg7 23. Qf4 Qf7 24. Qd4+ Kh6 25. Qxa7 Qf1+ 26.
Kh2 c5 27. Qe7 Qd3 28. Qf8+ 1-0

[Event "VI Open Vallee d'Aoste A"]
[Site "Saint Vincent - Chatillon ITA"]
[Date "1998.02.10"]
[Round "4"]
[White "Martorelli, Antonio"]
[Black "Zueger, Beat"]
[Result "1/2-1/2"]
[WhiteElo "2405"]
[BlackElo "2445"]
[PlyCount "58"]
[EventDate "1998.02.07"]

1. e4 e6 2. d4 d5 3. Nc3 Nf6 4. e5 Nfd7 5. Nf3 c5 6. Bb5 a6 7. Bxd7+ Bxd7 8.
O-O Nc6 9. Re1 Rc8 10. Bg5 Qc7 11. a3 h6 12. Bf4 Nxd4 13. Nxd4 cxd4 14. Qxd4
Qc4 15. Qd2 Be7 16. Rad1 Bxa3 17. Nxd5 Qxd5 18. Qxd5 exd5 19. bxa3 Be6 20. Rb1
b5 21. Rec1 Rc4 22. Rb4 O-O 23. c3 Rfc8 24. Rxc4 Rxc4 25. Be3 Kf8 26. f3 h5 27.
Bd4 Ke8 28. Kf2 Kd7 29. Kg3 Bf5 1/2-1/2

[Event "VI Open Vallee d'Aoste A"]
[Site "Saint Vincent - Chatillon ITA"]
[Date "1998.02.10"]
[Round "4"]
[White "Mordiglia, Riccardo"]
[Black "Godena, Michele"]
[Result "0-1"]
[WhiteElo "2115"]
[BlackElo "2500"]
[PlyCount "48"]
[EventDate "1998.02.07"]

1. Nc3 c5 2. d4 cxd4 3. Qxd4 Nc6 4. Qh4 d5 5. Nf3 d4 6. Ne4 Nb4 7. Kd1 Bf5 8.
Bd2 Nc6 9. e3 dxe3 10. fxe3 Nf6 11. Bd3 Bxe4 12. Bxe4 g6 13. Bd3 Bg7 14. Bc3
O-O 15. Ke2 Nd5 16. Bxg7 Kxg7 17. c4 Nf6 18. g4 Qb6 19. b3 Rad8 20. g5 Nd7 21.
Qh6+ Kg8 22. h4 Nde5 23. Nxe5 Nxe5 24. Rag1 Rxd3 0-1

[Event "VI Open Vallee d'Aoste A"]
[Site "Saint Vincent - Chatillon ITA"]
[Date "1998.02.10"]
[Round "4"]
[White "Naumkin, Igor"]
[Black "Luciani, Valerio"]
[Result "0-1"]
[WhiteElo "2435"]
[BlackElo "2220"]
[PlyCount "104"]
[EventDate "1998.02.07"]

1. d4 f5 2. Nf3 g6 3. g3 Bg7 4. Bg2 Nf6 5. O-O O-O 6. c4 d6 7. Nc3 c6 8. b3 Na6
9. Bb2 Nh5 10. d5 c5 11. e3 Nc7 12. Qc2 Rb8 13. a4 b6 14. h3 a6 15. e4 b5 16.
axb5 axb5 17. exf5 Bxf5 18. Qe2 bxc4 19. bxc4 Rxb2 20. Qxb2 Bd3 21. Rfc1 Bxc4
22. Qd2 Bxc3 23. Rxc3 Bxd5 24. Ng5 Bxg2 25. Kxg2 Nf6 26. Qa2+ Kg7 27. Re3 h6
28. Ne6+ Nxe6 29. Rxe6 Rf7 30. Qc2 Qc8 31. Rae1 Qb7+ 32. f3 g5 33. Qc3 Qc7 34.
Qe3 Ng8 35. g4 Qb7 36. h4 gxh4 37. Qc3+ Kf8 38. R1e2 Qd5 39. R6e3 h5 40. Rd2
Qg5 41. Ra2 Nf6 42. Ra8+ Kg7 43. Re1 hxg4 44. fxg4 e5 45. Kh1 Qf4 46. Ra2 Ne4
47. Qe3 Nf2+ 48. Rxf2 Qxf2 49. Qg5+ Kh7 50. Qh5+ Kg8 51. Qg6+ Rg7 52. Qe4 Qg3
0-1